Selected English Verses (Record no. 1210324)

MARC details
000 -LEADER
fixed length control field 00462nam a2200193Ia 4500
008 - FIXED-LENGTH DATA ELEMENTS--GENERAL INFORMATION
fixed length control field 151121s9999||||xx |||||||||||||| ||und||
082 ## - DEWEY DECIMAL CLASSIFICATION NUMBER
Classification number 823-/PUB
082 ## - DEWEY DECIMAL CLASSIFICATION NUMBER
Item number HNW-1071
100 ## - MAIN ENTRY--PERSONAL NAME
Personal name Publisher
245 ## - TITLE STATEMENT
Title Selected English Verses
260 ## - PUBLICATION, DISTRIBUTION, ETC. (IMPRINT)
Name of publisher, distributor, etc "K।P।H।, Bombay।"
260 ## - PUBLICATION, DISTRIBUTION, ETC. (IMPRINT)
Date of publication, distribution, etc --
300 ## - PHYSICAL DESCRIPTION
Extent 140
600 ## - SUBJECT ADDED ENTRY--PERSONAL NAME
Personal name Publisher
630 ## - SUBJECT ADDED ENTRY--UNIFORM TITLE
Uniform title Selected English Verses
700 ## - ADDED ENTRY--PERSONAL NAME
Personal name Publisher
730 ## - ADDED ENTRY--UNIFORM TITLE
Uniform title Selected English Verses
942 ## - ADDED ENTRY ELEMENTS (KOHA)
Koha item type Book
Holdings
Withdrawn status Lost status Damaged status Not for loan Home library Current library Date acquired Cost, normal purchase price Total Checkouts Full call number Barcode Date last seen Cost, replacement price Price effective from Koha item type
        Hirachand Nemchand Wachanalaya, Solapur Hirachand Nemchand Wachanalaya, Solapur 11/21/2015 100.00   HNW-1071 HNW-1071 11/21/2015 100.00 11/21/2015 Book